000 00322 a2200157 4500
001 192399
020 _a978-85-8163-014-4
040 _cMagnum
100 _aPrice, Lissa
240 1 0 _aStarters
_lpor
245 1 0 _aStarters
300 _a367
362 0 _a2012
697 _aLITERATURA GERAL ESTRANGEIRA
942 _cBK
999 _c192399
_d192399